| 000 | 00981nam a2200241 a 4500 | ||
|---|---|---|---|
| 001 | 2971315 | ||
| 005 | 19921113171726.0 | ||
| 008 | 911120s1991 enka b 001 0 eng | ||
| 010 | _a91218487 | ||
| 020 | _a0582042992 | ||
| 040 |
_aDLC _cDLC |
||
| 050 | 0 | 0 |
_aTA403 _b.T33 1991 |
| 082 | 0 | 0 |
_a624.18 _220 _bTAY |
| 100 | 1 |
_aTaylor, Geoffrey D., _d1942- _97613 |
|
| 245 | 1 | 0 |
_aConstruction Materials / _cG.D. Taylor. |
| 260 |
_aEngland : _bLongman Scientific & Tecnical, _cc1991. |
||
| 300 |
_aix, 532 p. : _bill. ; _c25 cm. |
||
| 504 | _aIncludes bibliographical references (p. 526) and index. | ||
| 650 | 0 |
_aBuilding materials. _97614 |
|
| 942 |
_2ddc _cBB |
||
| 999 |
_c12211 _d12211 |
||